CAD současnost a perspektivy

Vznik a popis systému CAD (Computer Aided Design), počítačom podporované projektovanie. Vstupy a výstupy CAD systému. Predstavenie firmy Autodesk s jej produktom AutoCAD. CAD z hladiska programátora. Budúcnosť CADu.

Gespeichert in:
Bibliographische Detailangaben
1. Verfasser: Michl, V.
Format: Buchkapitel
Sprache:Tschechisch
Schlagworte:
Tags: Tag hinzufügen
Keine Tags, Fügen Sie das erste Tag hinzu!

MARC

LEADER 00000naa a2200000 4500
001 r023968
005 20221213083139.5
041 0 |a cze 
044 |a CZ 
245 1 0 |a CAD současnost a perspektivy  |c V. Michl 
520 |a Vznik a popis systému CAD (Computer Aided Design), počítačom podporované projektovanie. Vstupy a výstupy CAD systému. Predstavenie firmy Autodesk s jej produktom AutoCAD. CAD z hladiska programátora. Budúcnosť CADu. 
610 2 0 |a softvér 
610 2 0 |a CAD 
610 2 0 |a počítače 
610 2 0 |a programy počítačové 
610 2 0 |a projektovanie 
100 1 |a Michl, V.